Statistics for Country flags of WW1

Click here to take the quiz!

General Stats

  • This quiz has been taken 40 times
  • The average score is 6 of 8

Answer Stats

Answer% Correct
U.K.
100%
Russia
97%
France
94%
Turkey
91%
Austria-Hungary
84%
Canada
78%
German empire
75%
U.S.A. (48 stars)
9%

Score Distribution

Percentile by Number Answered

Percent of People with Each Score

Your Score History

You have not taken this quiz